000
00317 a2200157 4500
001
180277
020
_a
040
_c
Magnum
100
_a
Ortencio, Nancy
240
1
0
_a
Aninha a muricoca
_l
por
245
1
0
_a
Aninha a muricoca
362
0
_a
1899
440
1
_a
RHJ
697
_a
MAGNITO: I/ANIMAIS
942
_c
BK
999
_c
180277
_d
180277